000 00335nam a2200145Ia 4500
008 191201s1987 xx 000 0 und d
082 _a530
100 _aWOLKENSTEIN,VS
245 0 _aProblems in General Physics
250 _a4th Pringing
260 _aCalcutta
_bMirpub
_c1987
300 _a376
650 _aApplied
942 _2ddc
_cBK
999 _c516
_d516